Biofyzika

Bibliographic Details
Main Authors: Dunca, Juraj, 1937- (Author), Hanzelik, František, 1929- (Author), Hlaváčová, Zuzana, 1951- (Author), Hlozák, Karol, 1937-1999 (Author)
Format: Book
Language:Slovak
PhysicalDescription:222 s. sch., tab. 29 cm
Published: V Nitre Slovenská poľnohospodárska univerzita 1997
ISBN:8071373389
Edition:2. nezm. vyd.
Subjects:

MARC

LEADER 00000nam a2200000 a 4500
001 vtls001287411
003 SK-MaSNL
005 20260301234919.0
008 240226s1997 xo ap r yy slo
015 |a SNBA1997/0902529 
020 |a 8071373389  |c 68,00 Sk 
035 |a SNK000238988 
035 |a urn:nbn:sk:snk-amyhwl 
035 |a urn:nbn:sk:snk-am00ckc5 
035 |a C151E2F8-88A8-4ACE-A8EC-08C7821024AA 
040 |a SNK  |b slo  |c SNK  |e AACR2 
041 0 |a slo 
044 |a xo  |c SK 
080 |a 577.3(075.8)  |2 SNKPH 
245 0 0 |a Biofyzika  |c J. Dunca ... [et al.] 
250 |a 2. nezm. vyd. 
260 |a V Nitre  |b Slovenská poľnohospodárska univerzita  |c 1997 
300 |a 222 s.  |b sch., tab.  |c 29 cm 
500 |a 1000 výt. 
504 |a Bibliogr. s. 216-217. Zoz. použ. označení 
650 0 7 |a biofyzika  |2 SNKPH  |9 2519 
655 7 |a učebnice vysokých škôl  |2 SNKPH  |9 70191 
700 1 |a Dunca, Juraj,  |d 1937-  |4 aut  |9 103243 
700 1 |a Hanzelik, František,  |d 1929-  |4 aut  |9 38903 
700 1 |a Hlaváčová, Zuzana,  |d 1951-  |4 aut  |9 203743 
700 1 |a Hlozák, Karol,  |d 1937-1999  |4 aut  |9 247664 
752 |a Nitra 
852 |a Štátna vedecká knižnica v Banskej Bystrici 
919 |a 80-7137-338-9 
958 |a TL 
958 |a NB 
958 |a UV 
958 |a OND 
999 |c 972452  |d 974382 
952 |t P60, <09>, [BOOK], {629}  |a SNK  |b SNK  |y NEVYP  |7 0  |o snkB 605  |i snk2263/970522  |0 0  |1 0  |4 0  |d 1997-05-21  |l 0  |r 2005-01-02 00:00:00  |w 2026-02-24 
952 |t P60, <03>, [BOOK], {603}  |a SNK  |b SNK  |y PREZ  |7 0  |p 17A0066451  |o snkSB 56940  |i snkKSP 5073/97  |0 0  |1 0  |4 0  |d 1997-05-21  |f 1  |l 0  |r 2025-04-09 00:00:00  |w 2026-02-24 
952 |t P60, <04>, [BOOK], {604}  |a SNK  |b SNK  |y VYP  |7 0  |p 17A0066450  |o snkSB 56940 D1  |i snkKSP 5074/97  |0 0  |1 0  |4 0  |d 1997-05-21  |l 0  |r 2005-01-02 00:00:00  |w 2026-02-24